[Event "Scottish op"]
[Site "Dunfermline"]
[Date "2025.07.09"]
[Round "4"]
[White "Railwani, Tavish"]
[Black "Robertson, Jim"]
[Result "0-1"]
[WhiteElo "1700"]
[BlackElo "1574"]
[PlyCount "104"]
[EventDate "2025.07.07"]
[EventType "swiss"]
[EventRounds "9"]
[EventCountry "SCO"]
[SourceTitle "CB29_2025"]
[SourceDate "2025.07.16"]
[SourceVersion "1"]
[SourceVersionDate "2025.07.16"]
[SourceQuality "1"]

1. e4 e6 2. d4 g6 3. Nc3 a6 4. f4 Ne7 5. Nf3 Bg7 6. Be3 d6 7. Be2 b6 8. Qd2 h6 9. 0-0 0-0 10. Rad1 f5 11. e5 Bb7 12. Nh4 Kh7 13. Qe1 Nd5 14. Nxd5 Bxd5 15. c4 Be4 16. Qg3 Qe8 17. Qh3 Rg8 18. g3 Bf8 19. Nf3 Kg7 20. exd6 cxd6 21. d5 exd5 22. Bd4+ Kf7 23. Rfe1 Ra7 24. Bxb6 Re7 25. Qf1 Bg7 26. Bd4 Qd8 27. Bxg7 Kxg7 28. Qf2 Rge8 29. cxd5 Qa5 30. Bc4 Bxf3 31. Rxe7+ Rxe7 32. Qxf3 Qc5+ 33. Qf2 Qxc4 34. Qd4+ Qxd4+ 35. Rxd4 Re4 36. Rxe4 fxe4 37. Kf2 Kf6 38. Ke3 Kf5 39. h3 h5 40. b4 Nd7 41. Kd4 Nb6 42. a3 h4 43. gxh4 Kxf4 44. h5 gxh5 45. a4 Nxa4 46. b5 axb5 47. h4 e3 48. Kd3 Kf3 49. Kc2 e2 50. Kb3 e1Q 51. Kc2 Qc3+ 52. Kd1 Nb2# 0-1

[Event "Scottish op"]
[Site "Dunfermline"]
[Date "2025.07.08"]
[Round "2"]
[White "Mallick, Sai"]
[Black "Robertson, Jim"]
[Result "1-0"]
[WhiteElo "1790"]
[BlackElo "1574"]
[PlyCount "53"]
[EventDate "2025.07.07"]
[EventType "swiss"]
[EventRounds "9"]
[EventCountry "SCO"]
[SourceTitle "CB29_2025"]
[SourceDate "2025.07.16"]
[SourceVersion "1"]
[SourceVersionDate "2025.07.16"]
[SourceQuality "1"]

1. d4 g6 2. Nf3 Bg7 3. e4 e6 4. Be3 a6 5. Nc3 d6 6. Be2 Nd7 7. Qd2 h6 8. h4 Ne7 9. 0-0-0 b5 10. e5 d5 11. Ne1 Nb6 12. b3 Nf5 13. h5 Nxe3 14. fxe3 g5 15. Nd3 Nd7 16. e4 dxe4 17. Nxe4 Bb7 18. Bf3 Ra7 19. Nec5 Bxf3 20. gxf3 0-0 21. f4 Nxc5 22. Nxc5 Kh7 23. Rdg1 Qe7 24. fxg5 c6 25. Ne4 hxg5 26. h6 Bh8 27. Nxg5+ 1-0

[Event "BCF-ch Major"]
[Site "Hull"]
[Date "2024.07.28"]
[Round "2"]
[White "Robertson, Jim"]
[Black "Schell, Finn"]
[Result "0-1"]
[WhiteElo "1686"]
[BlackElo "1887"]
[PlyCount "34"]
[EventDate "2024.07.27"]
[EventType "swiss"]
[EventRounds "9"]
[EventCountry "ENG"]
[SourceTitle "CBM 221 Extra"]
[Source "ChessBase"]
[SourceDate "2024.09.30"]
[SourceVersion "1"]
[SourceVersionDate "2024.09.30"]
[SourceQuality "1"]

1. g3 d5 2. e3 e5 3. Bg2 Nc6 4. d3 f5 5. Ne2 Nf6 6. a3 Bd6 7. h3 0-0 8. 0-0 Kh8 9. b3 g5 10. Nbc3 f4 11. exf4 gxf4 12. gxf4 Rg8 13. Kh1 Nh5 14. Ng1 Nxf4 15. Bxf4 exf4 16. Bxd5 Qh4 17. Bxg8 Bxh3 0-1

[Event "Scottish op"]
[Site "Dunfermline"]
[Date "2024.07.13"]
[Round "8"]
[White "Wilson, Florence"]
[Black "Robertson, Jim"]
[Result "1-0"]
[WhiteElo "1613"]
[BlackElo "1686"]
[PlyCount "77"]
[EventDate "2024.07.08"]
[EventType "swiss"]
[EventRounds "9"]
[EventCountry "SCO"]
[SourceTitle "CBM 221 Extra"]
[Source "ChessBase"]
[SourceDate "2024.09.30"]
[SourceVersion "1"]
[SourceVersionDate "2024.09.30"]
[SourceQuality "1"]

1. e4 g6 2. d4 Bg7 3. Be3 d6 4. Nf3 e6 5. Bd3 a6 6. Nbd2 Ne7 7. h4 h6 8. Qe2 Nd7 9. g4 b5 10. Qf1 Bb7 11. Rg1 c5 12. c3 Ra7 13. a4 Qa8 14. a5 c4 15. Bc2 d5 16. e5 Qd8 17. Nh2 Qc7 18. f4 f5 19. exf6 Bxf6 20. g5 hxg5 21. hxg5 Bg7 22. Rh1 Ra8 23. Ng4 Nf5 24. Bxf5 exf5 25. Ne5 Bxe5 26. fxe5 Ke7 27. Rh3 Raf8 28. Rh6 Rfg8 29. Nf3 Nf8 30. Qh3 Rxh6 31. gxh6 Ke8 32. Bg5 Nh7 33. Bf6 Nxf6 34. exf6 Qf4 35. Ne5 Kd8 36. f7 Rf8 37. h7 Rh8 38. Nxg6 Kc8 39. Nxf4 1-0

[Event "Scottish op"]
[Site "Dunfermline"]
[Date "2024.07.11"]
[Round "6"]
[White "McDonald, Angus"]
[Black "Robertson, Jim"]
[Result "1-0"]
[WhiteElo "1921"]
[BlackElo "1686"]
[PlyCount "85"]
[EventDate "2024.07.08"]
[EventType "swiss"]
[EventRounds "9"]
[EventCountry "SCO"]
[SourceTitle "CBM 221 Extra"]
[Source "ChessBase"]
[SourceDate "2024.09.30"]
[SourceVersion "1"]
[SourceVersionDate "2024.09.30"]
[SourceQuality "1"]

1. d4 g6 2. e4 Bg7 3. Nf3 d6 4. Bc4 e6 5. 0-0 a6 6. Re1 Nd7 7. Qe2 Ne7 8. Nc3 b5 9. Bd3 c5 10. Qe3 cxd4 11. Nxd4 0-0 12. Nde2 Bb7 13. Nd1 Re8 14. Qh3 e5 15. Bh6 Nf6 16. Ng3 Bc8 17. Qh4 Ng4 18. Bxg7 Kxg7 19. h3 Nh6 20. Qg5 Neg8 21. Qd2 Rf8 22. Ne3 Ra7 23. a4 bxa4 24. Rxa4 f5 25. exf5 Raf7 26. Bc4 Ra7 27. fxg6 hxg6 28. Nd5 Raf7 29. Nh1 g5 30. Ne3 Rf6 31. Be2 Bxh3 32. gxh3 Qd7 33. Rxa6 Qxh3 34. Bf1 Qe6 35. Qd5 Qd7 36. Rea1 Kh8 37. Ra7 Qe8 38. Ra8 Qh5 39. Rxf8 Rxf8 40. Ra6 Rf3 41. Ng3 Rxe3 42. fxe3 Qg4 43. Qg2 1-0

[Event "Scottish op"]
[Site "Dunfermline"]
[Date "2024.07.11"]
[Round "5"]
[White "Robertson, Jim"]
[Black "Walkowiak, Adam"]
[Result "0-1"]
[WhiteElo "1686"]
[BlackElo "1722"]
[PlyCount "64"]
[EventDate "2024.07.08"]
[EventType "swiss"]
[EventRounds "9"]
[EventCountry "SCO"]
[SourceTitle "CBM 221 Extra"]
[Source "ChessBase"]
[SourceDate "2024.09.30"]
[SourceVersion "1"]
[SourceVersionDate "2024.09.30"]
[SourceQuality "1"]

1. g3 c5 2. d3 Nc6 3. Bg2 g6 4. Nd2 Bg7 5. e3 d5 6. Ne2 Bg4 7. h3 Bxe2 8. Qxe2 Nb4 9. Nb3 e6 10. a3 Nc6 11. 0-0 b6 12. c4 Nge7 13. d4 cxd4 14. cxd5 Nxd5 15. Qb5 Qd7 16. exd4 0-0 17. Be3 Rfd8 18. Rac1 Rac8 19. Rfd1 Qd6 20. Bxd5 Qxd5 21. Qxd5 Rxd5 22. Rd2 Ne7 23. Rxc8+ Nxc8 24. Rc2 Rd8 25. Rc7 a6 26. Rb7 Kf8 27. Rc7 Bf6 28. Nd2 Be7 29. Nc4 Bd6 30. Bh6+ Ke8 31. Nxd6+ Nxd6 32. Bg5 Rd7 0-1

[Event "Scottish op"]
[Site "Dunfermline"]
[Date "2024.07.09"]
[Round "2"]
[White "Robertson, Jim"]
[Black "Blackford, Ross"]
[Result "0-1"]
[WhiteElo "1686"]
[BlackElo "1964"]
[PlyCount "96"]
[EventDate "2024.07.08"]
[EventType "swiss"]
[EventRounds "9"]
[EventCountry "SCO"]
[SourceTitle "CBM 221 Extra"]
[Source "ChessBase"]
[SourceDate "2024.09.30"]
[SourceVersion "1"]
[SourceVersionDate "2024.09.30"]
[SourceQuality "1"]

1. g3 d5 2. Bg2 e5 3. d3 Nf6 4. Nd2 Be7 5. e3 0-0 6. Ne2 c5 7. b3 Nc6 8. Bb2 Re8 9. h3 Qd7 10. g4 h6 11. Ng3 Bf8 12. 0-0 b6 13. f4 d4 14. Qf3 Bb7 15. e4 exf4 16. Qxf4 Bd6 17. Qf2 Bxg3 18. Qxg3 Ne5 19. Rf5 Qe7 20. Raf1 Rad8 21. Nf3 Nxf3+ 22. R5xf3 Qe5 23. Qf2 Re7 24. Rf5 Qe6 25. Bc1 Nd7 26. g5 h5 27. h4 g6 28. Rf3 Ne5 29. Rf6 Qd7 30. Qf4 Bc8 31. Qg3 Qe8 32. R6f2 Ng4 33. Re2 Ne5 34. Bh3 Bg4 35. Ref2 Qd7 36. Bxg4 Nxg4 37. Rf4 Qc7 38. Qf3 Rdd7 39. Re1 Re6 40. Bd2 b5 41. c3 Ne5 42. Qh3 dxc3 43. Bxc3 Nxd3 44. Rxf7 Nxe1 45. Rxd7 Qxd7 46. Bxe1 Qd4+ 47. Bf2 Qxe4 48. Bxc5 Qe1+ 0-1

[Event "SCO-ch op 128th"]
[Site "Dunfermline"]
[Date "2023.07.08"]
[Round "3"]
[White "Robertson, Jim"]
[Black "Irving, Neil"]
[Result "0-1"]
[WhiteElo "1559"]
[BlackElo "1792"]
[PlyCount "64"]
[EventDate "2023.07.07"]
[EventType "swiss"]
[EventRounds "5"]
[EventCountry "SCO"]
[SourceTitle "CBM 215 Extra"]
[Source "ChessBase"]
[SourceDate "2023.09.30"]
[SourceVersion "1"]
[SourceVersionDate "2023.09.30"]
[SourceQuality "1"]

1. d4 d5 2. e3 Nf6 3. Bd3 Bg4 4. Ne2 c5 5. c3 e6 6. Nd2 Nc6 7. f4 Bd6 8. 0-0 0-0 9. Nf3 Bf5 10. Ng3 Bxd3 11. Qxd3 g6 12. Bd2 Qe7 13. Kh1 a6 14. a4 b6 15. Rae1 Qc7 16. e4 dxe4 17. Nxe4 Nxe4 18. Rxe4 Rfd8 19. f5 exf5 20. Rh4 Be7 21. Ng5 Ne5 22. Qh3 Ng4 23. Rxg4 Bxg5 24. Rxg5 cxd4 25. Qxf5 Ra7 26. Qf3 Qc4 27. Qd1 dxc3 28. Rg4 Qxf1+ 29. Qxf1 cxd2 30. Qd1 Re7 31. Rf4 Re1+ 32. Rf1 Rxf1+ 0-1

[Event "GBR-ch Major 106th"]
[Site "Torquay"]
[Date "2019.08.01"]
[Round "6"]
[White "Miller, George"]
[Black "Robertson, Jim"]
[Result "0-1"]
[WhiteElo "1891"]
[BlackElo "1580"]
[PlyCount "122"]
[EventDate "2019.07.27"]
[EventType "swiss"]
[EventRounds "9"]
[EventCountry "ENG"]
[SourceTitle "EXT 2020"]
[Source "ChessBase"]
[SourceDate "2019.10.17"]
[SourceVersion "1"]
[SourceVersionDate "2019.10.17"]
[SourceQuality "1"]

1. e4 c6 2. d4 d5 3. exd5 cxd5 4. Bd3 Nc6 5. c3 Qc7 6. h3 e6 7. Nf3 Bd6 8. 0-0 Nf6 9. Re1 0-0 10. Bg5 Nd7 11. Qc2 g6 12. Nbd2 e5 13. dxe5 Ndxe5 14. Bf6 Nxd3 15. Qxd3 Be6 16. Nb3 Qd7 17. Qe3 Rfe8 18. Qh6 Bf8 19. Qh4 Bg7 20. Bg5 Bf8 21. Rad1 Be7 22. Nbd4 Nxd4 23. Rxd4 Qd8 24. a3 Rc8 25. Bxe7 Rxe7 26. Ng5 h5 27. Qg3 Qc7 28. Rf4 Bf5 29. Rd1 Qd6 30. Qh4 Rce8 31. Nf3 Re4 32. Rxe4 Rxe4 33. Qg5 Kg7 34. Qd2 Be6 35. Ng5 Re5 36. Qd4 Kg8 37. Ne4 Qc7 38. Ng3 Bd7 39. Qxa7 Bc6 40. Qd4 Qe7 41. f4 Re3 42. Rd3 Re1+ 43. Kh2 h4 44. Nh1 Re4 45. Qf2 Re2 46. Qd4 Qe4 47. Qxe4 dxe4 48. Rd8+ Kg7 49. Kg1 e3 50. Rd3 Be4 51. Rd4 Bc2 52. Kf1 Rd2 53. b4 Rxd4 54. cxd4 Bd3+ 55. Ke1 b5 56. g3 Be4 57. gxh4 Bxh1 58. Ke2 Kf6 59. Kxe3 Kf5 60. h5 gxh5 61. Kd3 Kxf4 0-1

[Event "GBR-ch Major 106th"]
[Site "Torquay"]
[Date "2019.07.29"]
[Round "3"]
[White "Robertson, Jim"]
[Black "Morgan, Jamie"]
[Result "1-0"]
[WhiteElo "1580"]
[BlackElo "1894"]
[PlyCount "69"]
[EventDate "2019.07.27"]
[EventType "swiss"]
[EventRounds "9"]
[EventCountry "ENG"]
[SourceTitle "EXT 2020"]
[Source "ChessBase"]
[SourceDate "2019.10.17"]
[SourceVersion "1"]
[SourceVersionDate "2019.10.17"]
[SourceQuality "1"]

1. d4 Nf6 2. e3 g6 3. f4 Bg7 4. Nf3 d6 5. Bc4 0-0 6. c3 Nc6 7. 0-0 e5 8. dxe5 dxe5 9. fxe5 Qxd1 10. Rxd1 Ng4 11. e4 Ncxe5 12. Nxe5 Nxe5 13. Be2 Bg4 14. Bxg4 Nxg4 15. Bf4 Rad8 16. Na3 Be5 17. Bxe5 Nxe5 18. Rd5 Nd3 19. Rd1 Rxd5 20. exd5 Nxb2 21. Rb1 Nd3 22. Rxb7 Re8 23. h3 Re2 24. Rxc7 Nf4 25. c4 Rxg2+ 26. Kf1 Rxa2 27. Rxa7 Kg7 28. Nb5 Rxa7 29. Nxa7 f5 30. Nb5 Kf6 31. d6 Nxh3 32. c5 Nf4 33. c6 Nd5 34. c7 Nb6 35. d7 1-0

[Event "South Wales op 16th"]
[Site "Cardiff"]
[Date "2019.07.07"]
[Round "1"]
[White "Robertson, Jim"]
[Black "Waddington, Mike P"]
[Result "0-1"]
[WhiteElo "1580"]
[BlackElo "2014"]
[PlyCount "64"]
[EventDate "2019.07.07"]
[EventType "swiss"]
[EventRounds "9"]
[EventCountry "WLS"]
[SourceTitle "CBM 191 Extra"]
[Source "ChessBase"]
[SourceDate "2019.09.30"]
[SourceVersion "1"]
[SourceVersionDate "2019.09.30"]
[SourceQuality "1"]

1. d4 Nf6 2. e3 g6 3. f4 Bg7 4. Nf3 0-0 5. Bd3 d6 6. 0-0 Nc6 7. c3 e5 8. fxe5 dxe5 9. Nxe5 Nxe5 10. dxe5 Ng4 11. Be2 Qh4 12. Bxg4 Bxg4 13. Qe1 Qh5 14. Qf2 Bxe5 15. h3 Rad8 16. Nd2 Be6 17. Nf3 Bd6 18. e4 Bc4 19. Re1 f6 20. Be3 Rde8 21. Nd2 Ba6 22. Qf3 Qe5 23. a3 f5 24. g3 fxe4 25. Qg2 Qxg3 26. Bh6 Bc5+ 27. Kh1 Qxg2+ 28. Kxg2 Rf2+ 29. Kg3 e3 30. Nb3 Bd6+ 31. Kg4 Re4+ 32. Kg5 Be7# 0-1

[Event "Torquay Paignton Rowena op"]
[Site "Torquay"]
[Date "2018.09.05"]
[Round "4"]
[White "Mahoney, Nicholas"]
[Black "Robertson, Jim"]
[Result "0-1"]
[WhiteElo "1705"]
[BlackElo "148"]
[PlyCount "94"]
[EventDate "2018.09.02"]
[EventType "swiss"]
[EventRounds "7"]
[EventCountry "ENG"]
[SourceTitle "CBM 187 Extra"]
[Source "ChessBase"]
[SourceDate "2018.11.04"]
[SourceVersion "1"]
[SourceVersionDate "2018.11.04"]
[SourceQuality "1"]

1. d4 d5 2. c4 e6 3. Nc3 f5 4. cxd5 exd5 5. Bf4 c6 6. e3 Nf6 7. Bd3 Bd6 8. Nge2 Ne4 9. Bxd6 Nxd6 10. Qc2 0-0 11. 0-0-0 b6 12. Nf4 a5 13. h3 g5 14. Nfe2 Ne4 15. Ng3 Na6 16. Bxa6 Bxa6 17. Kb1 Qf6 18. Ka1 Rac8 19. Nf1 Qf7 20. f3 Nxc3 21. bxc3 c5 22. Qb2 Qe6 23. Re1 cxd4 24. cxd4 Bxf1 25. Rhxf1 Rc4 26. Qd2 Rfc8 27. Rc1 Qc6 28. Rxc4 Qxc4 29. Rd1 Qc3+ 30. Kb1 Kf7 31. Qd3 Kf6 32. g4 Qxd3+ 33. Rxd3 Re8 34. Kc2 f4 35. Kd2 h5 36. exf4 gxf4 37. Rb3 Re6 38. Rb5 Rd6 39. Ke2 Kg5 40. Kf2 Kh4 41. Kg2 Rc6 42. Rxd5 hxg4 43. hxg4 Rc2+ 44. Kf1 Kg3 45. g5 Kxf3 46. Kg1 Kg3 47. Kf1 f3 0-1

[Event "GBR-ch Major 105th"]
[Site "Hull"]
[Date "2018.08.05"]
[Round "9"]
[White "Robertson, Jim"]
[Black "Johnson, Paul A"]
[Result "0-1"]
[WhiteElo "1604"]
[BlackElo "1842"]
[PlyCount "78"]
[EventDate "2018.07.28"]
[EventType "swiss"]
[EventRounds "9"]
[EventCountry "ENG"]
[SourceTitle "EXT 2019"]
[Source "ChessBase"]
[SourceDate "2018.10.10"]
[SourceVersion "1"]
[SourceVersionDate "2018.10.10"]
[SourceQuality "1"]

1. d4 Nf6 2. e3 d5 3. Bd3 e6 4. f4 c5 5. c3 Nc6 6. Nf3 Qc7 7. Ne5 Be7 8. Nd2 Bd7 9. 0-0 g6 10. Qe2 Nxe5 11. fxe5 Nh5 12. Nf3 0-0-0 13. Bd2 Rdf8 14. e4 h6 15. exd5 exd5 16. dxc5 Bxc5+ 17. Be3 Nf4 18. Qd2 Nxd3 19. Qxd3 Bf5 20. Qe2 Re8 21. Qf2 Bxe3 22. Qxe3 Kb8 23. Qd4 Be4 24. Rae1 Re7 25. e6 Rhe8 26. exf7 Rxf7 27. Nd2 Rfe7 28. Nxe4 dxe4 29. Re3 Rd8 30. Qb4 a5 31. Qb5 Re5 32. Qe2 Qb6 33. Kh1 Rde8 34. g4 h5 35. Re1 hxg4 36. Qxg4 Qxb2 37. Qxg6 Qxa2 38. Rxe4 Rxe4 39. Rxe4 Qb1+ 0-1

[Event "GBR-ch Major 105th"]
[Site "Hull"]
[Date "2018.08.02"]
[Round "6"]
[White "Thatte, Nishchal"]
[Black "Robertson, Jim"]
[Result "1/2-1/2"]
[WhiteElo "1748"]
[BlackElo "1604"]
[PlyCount "82"]
[EventDate "2018.07.28"]
[EventType "swiss"]
[EventRounds "9"]
[EventCountry "ENG"]
[SourceTitle "CBM 185 Extra"]
[Source "ChessBase"]
[SourceDate "2018.07.29"]
[SourceVersion "1"]
[SourceVersionDate "2018.07.29"]
[SourceQuality "1"]

1. e4 c6 2. d4 d5 3. Nd2 dxe4 4. Nxe4 Bf5 5. Ng3 Bg6 6. h4 h6 7. Nf3 Nd7 8. h5 Bh7 9. Bd3 Bxd3 10. Qxd3 e6 11. Bf4 Qa5+ 12. Bd2 Bb4 13. c3 Be7 14. Ne4 Ngf6 15. c4 Qc7 16. 0-0-0 0-0-0 17. Nc3 Rhe8 18. Kb1 Ng4 19. Qe2 Kb8 20. Rhe1 Ka8 21. d5 exd5 22. cxd5 Bc5 23. Qxe8 Rxe8 24. Rxe8+ Nb8 25. Be1 Qd7 26. Re2 Qf5+ 27. Ka1 Nf6 28. d6 Nbd7 29. Na4 Bxd6 30. Rxd6 Qf4 31. Red2 Qxa4 32. Ne5 Qe4 33. Nxd7 Nd5 34. Rd1 Qe7 35. Bb4 Nxb4 36. Nc5 Nd5 37. Rd7 Qe8 38. Rxb7 Qe2 39. Rc1 Qd2 40. Nb3 Qxc1+ 41. Nxc1 Kxb7 1/2-1/2

[Event "GBR-ch Major 105th"]
[Site "Hull"]
[Date "2018.07.28"]
[Round "1"]
[White "Whitehead, Mark A"]
[Black "Robertson, Jim"]
[Result "1-0"]
[WhiteElo "1906"]
[BlackElo "1604"]
[PlyCount "57"]
[EventDate "2018.07.28"]
[EventType "swiss"]
[EventRounds "9"]
[EventCountry "ENG"]
[SourceTitle "CBM 185 Extra"]
[Source "ChessBase"]
[SourceDate "2018.07.29"]
[SourceVersion "1"]
[SourceVersionDate "2018.07.29"]
[SourceQuality "1"]

1. e4 c6 2. d4 d5 3. Nd2 dxe4 4. Nxe4 Bf5 5. Ng3 Bg6 6. Bc4 e6 7. N1e2 Bd6 8. Nf4 Bxf4 9. Bxf4 Nf6 10. 0-0 0-0 11. c3 Nd5 12. Bd2 Nd7 13. Qf3 N7f6 14. Bb3 b5 15. Rfe1 a5 16. Bg5 Qd7 17. Rac1 Rfe8 18. Bc2 Rac8 19. Bxg6 hxg6 20. b3 Qa7 21. c4 Nh7 22. cxd5 Nxg5 23. Qg4 Nh7 24. dxe6 f6 25. Qxg6 Nf8 26. Qg4 Rc7 27. Nh5 Kh8 28. Nxf6 gxf6 29. Qh5+ 1-0

[Event "South Wales op 15th"]
[Site "Cardiff"]
[Date "2018.07.12"]
[Round "9"]
[White "Robertson, Jim"]
[Black "Owen, Bob"]
[Result "1-0"]
[WhiteElo "1604"]
[BlackElo "1362"]
[PlyCount "29"]
[EventDate "2018.07.07"]
[EventType "swiss"]
[EventRounds "9"]
[EventCountry "WLS"]
[SourceTitle "EXT 2019"]
[Source "ChessBase"]
[SourceDate "2018.10.10"]
[SourceVersion "1"]
[SourceVersionDate "2018.10.10"]
[SourceQuality "1"]

1. d4 b6 2. e3 Bb7 3. f4 e6 4. Nf3 d5 5. Bd3 Nf6 6. 0-0 Nbd7 7. Nbd2 c5 8. c3 Ne4 9. Ne5 c4 10. Bxe4 dxe4 11. Nxd7 Qxd7 12. Nxc4 Ba6 13. Ne5 Qb5 14. Rf2 Be7 15. c4 1-0

[Event "South Wales op 15th"]
[Site "Cardiff"]
[Date "2018.07.10"]
[Round "6"]
[White "O'Rourke, Kevin1"]
[Black "Robertson, Jim"]
[Result "0-1"]
[WhiteElo "1276"]
[BlackElo "1604"]
[PlyCount "92"]
[EventDate "2018.07.07"]
[EventType "swiss"]
[EventRounds "9"]
[EventCountry "WLS"]
[SourceTitle "EXT 2019"]
[Source "ChessBase"]
[SourceDate "2018.10.10"]
[SourceVersion "1"]
[SourceVersionDate "2018.10.10"]
[SourceQuality "1"]

1. e4 c6 2. Nf3 d5 3. e5 Bg4 4. d4 e6 5. Bg5 Bxf3 6. Qxf3 Qxg5 7. Nc3 Bb4 8. h4 Qd8 9. a3 Qa5 10. Be2 Ne7 11. 0-0 Bxc3 12. bxc3 c5 13. a4 Nbc6 14. dxc5 0-0 15. Qg3 Nf5 16. Qh3 g6 17. Kh1 Rfc8 18. f4 Qd8 19. g3 f6 20. g4 Ng7 21. exf6 Qxf6 22. g5 Qe7 23. Bg4 Nd8 24. Rae1 Nf5 25. h5 Qxc5 26. hxg6 hxg6 27. Bxf5 gxf5 28. Qh6 Rc7 29. g6 Rg7 30. Rg1 Qxc3 31. Re2 Qf3+ 32. Reg2 Rc8 33. Kh2 Nc6 34. Qh4 Qc3 35. Qf2 Nd4 36. Kh1 Qh3+ 37. Rh2 Qf3+ 38. Rgg2 Qxf2 39. Rxf2 Rxg6 40. Rd2 Nf3 41. Rhg2 Kg7 42. Rxg6+ Kxg6 43. Rd3 Rh8+ 44. Kg2 Ne1+ 45. Kf1 Nxd3 46. cxd3 Rh2 0-1

[Event "South Wales op 15th"]
[Site "Cardiff"]
[Date "2018.07.09"]
[Round "4"]
[White "Robertson, Jim"]
[Black "Jones, Gavin"]
[Result "0-1"]
[WhiteElo "1604"]
[BlackElo "1630"]
[PlyCount "94"]
[EventDate "2018.07.07"]
[EventType "swiss"]
[EventRounds "9"]
[EventCountry "WLS"]
[SourceTitle "EXT 2019"]
[Source "ChessBase"]
[SourceDate "2018.10.10"]
[SourceVersion "1"]
[SourceVersionDate "2018.10.10"]
[SourceQuality "1"]

1. d4 f5 2. e3 Nf6 3. b3 e6 4. c4 Bb4+ 5. Bd2 Be7 6. Be2 0-0 7. Nc3 Nc6 8. f4 d6 9. Nf3 Bd7 10. 0-0 Ne4 11. Be1 a5 12. a3 Bf6 13. Rc1 Nxc3 14. Bxc3 Qe7 15. d5 Nd8 16. Re1 exd5 17. Qxd5+ Kh8 18. Qd3 Bc6 19. Nd2 Ne6 20. b4 axb4 21. axb4 Rae8 22. Bf3 Bxf3 23. Nxf3 g6 24. Nd4 Qg7 25. Nxe6 Rxe6 26. Bxf6 Qxf6 27. Qc3 Kg7 28. g3 c6 29. Kf2 Kf7 30. Qxf6+ Kxf6 31. Ra1 Re4 32. Rac1 Ra8 33. Red1 Ke7 34. Rd4 Ra2+ 35. Kg1 Rxe3 36. Rcd1 Re6 37. h3 Rb2 38. c5 d5 39. R1d2 Rxd2 40. Rxd2 Re4 41. Rb2 h5 42. h4 d4 43. Rd2 Ke6 44. b5 Kd5 45. bxc6 bxc6 46. Ra2 d3 47. Ra8 Kc4 0-1

[Event "GBR-ch Major 104th"]
[Site "Llandudno"]
[Date "2017.07.30"]
[Round "2"]
[White "Robertson, Jim"]
[Black "Wilson, Matthew R"]
[Result "1-0"]
[WhiteElo "1633"]
[BlackElo "1829"]
[PlyCount "97"]
[EventDate "2017.07.29"]
[EventType "swiss"]
[EventRounds "9"]
[EventCountry "WLS"]
[SourceTitle "CBM 179 Extra"]
[Source "ChessBase"]
[SourceDate "2017.08.23"]
[SourceVersion "1"]
[SourceVersionDate "2017.08.23"]
[SourceQuality "1"]

1. d4 Nf6 2. e3 d6 3. f4 g6 4. Nf3 Bg7 5. Bc4 0-0 6. 0-0 Nbd7 7. c3 e5 8. fxe5 dxe5 9. dxe5 Ng4 10. e6 Nde5 11. Qxd8 Rxd8 12. Nxe5 Nxe5 13. exf7+ Kf8 14. Bb3 c5 15. Nd2 Bf5 16. e4 Bg4 17. Bd5 Rd7 18. h3 Be2 19. Rf2 Bd3 20. Nf3 Nxf3+ 21. Rxf3 Bb5 22. Bg5 Rc8 23. Be6 Rcc7 24. Bxd7 Rxd7 25. Re1 Rxf7 26. Rxf7+ Kxf7 27. Bf4 Ke6 28. Kf2 Bf6 29. g3 Bc4 30. Kf3 a6 31. a3 Bb5 32. Rd1 Be7 33. h4 Bc6 34. Bg5 Bd6 35. Rh1 h5 36. Bf4 Be7 37. Rd1 b5 38. Bc7 c4 39. Kf4 Bb7 40. e5 Bd5 41. Bd6 Bd8 42. Bf8 Bc7 43. Bg7 Bg2 44. Kg5 Be4 45. Rf1 Bf5 46. Rxf5 gxf5 47. Kxh5 Bb6 48. Kg6 Be3 49. h5 1-0

[Event "SCO-ch 124th"]
[Site "Dundee"]
[Date "2017.07.20"]
[Round "6"]
[White "Robertson, Jim"]
[Black "Irving, Neil"]
[Result "0-1"]
[WhiteElo "1633"]
[BlackElo "1889"]
[PlyCount "88"]
[EventDate "2017.07.15"]
[EventType "swiss"]
[EventRounds "9"]
[EventCountry "SCO"]
[SourceTitle "CBM 179 Extra"]
[Source "ChessBase"]
[SourceDate "2017.08.23"]
[SourceVersion "1"]
[SourceVersionDate "2017.08.23"]
[SourceQuality "1"]

1. d4 d5 2. e3 Nf6 3. Bd3 c5 4. c3 Nc6 5. f4 Bg4 6. Nf3 e6 7. 0-0 Bd6 8. Qe1 0-0 9. Qh4 Bf5 10. Be2 Ne4 11. Qe1 h6 12. Nbd2 Rb8 13. a4 a6 14. dxc5 Bxc5 15. Nxe4 Bxe4 16. b4 Bb6 17. b5 axb5 18. Bxb5 Qc7 19. Bb2 Qxf4 20. Nd4 Qg5 21. g3 Ne5 22. h4 Qg6 23. Be2 Rfc8 24. Qf2 h5 25. Qf4 Nd3 26. Bxd3 Bxd3 27. Rfd1 Bc7 28. Qg5 Qxg5 29. hxg5 Be4 30. Kf2 Bd8 31. g6 Bxg6 32. Rh1 Ba5 33. Ra3 Rc4 34. Nb5 Rg4 35. Bc1 Ra8 36. Bd2 Bd8 37. Rha1 Be7 38. R3a2 Bd3 39. Nd4 Bd6 40. Ne2 Bxe2 41. Kxe2 Rxg3 42. Be1 Rg4 43. a5 Rg2+ 44. Bf2 Bg3 0-1